Matemáticas 7 : (Registro nro. 7959)
[ vista simple ]
| 000 -LIDER | |
|---|---|
| fixed length control field | 01005nam a2200301 a 4500 |
| 001 - NÚMERO DE CONTROL | |
| Identificador de número de control | 000020258 |
| 003 - IDENTIFICACDOR DE NÚMERO DE CONTROL | |
| control field | DO-SdBNP |
| 005 - DATE AND TIME OF LATEST TRANSACTION | |
| control field | 20160407100730.0 |
| 008 - ELEMENTOS DE LONGITUD FIJA | |
| fixed length control field | 100802s2004 dr ac 000 0 spa d |
| 020 ## - ISBN | |
| International Standard Book Number | 8482616327 |
| 040 ## - FUENTE DE CATALOGACIÓN | |
| Agencia que crea de manera original el registro | BPJMB |
| Idioma de catalogación | spa |
| Agencia que realiza la transcripción | BPJMB |
| 092 ## - LOCALLY ASSIGNED DEWEY DECIMAL CALL NUMBER | |
| Número de clasificación | 372.7 |
| Número de ítem (Cutter) | G943d |
| 245 00 - MENCIÓN DE TITULO | |
| Título | Matemáticas 7 : |
| Subtítulo | guía didáctica / |
| Mención de responsabilidad | dirección editorial Obdulia García de Escobar. |
| 260 ## - PUBLICACIÓN, DISTRIBUCIÓN, ETC. (PIE DE IMPRENTA) | |
| Lugar de publicación, distribución, etc | Santo Domingo : |
| Nombre del editor, distribuidor, etc. | Santillana, |
| Fecha de publicación, distribución, etc | 2004. |
| 300 ## - DESCRIPCIÓN FÍSICA | |
| Extensión | 135 p. : |
| Otros detalles físicos | il., retrs. ; |
| Dimensiones | 28 cm. |
| 490 1# - MENCIÓN DE SERIES | |
| Mención de serie | Ámbar |
| Volume/sequential designation | v. 7 |
| 500 ## - NOTA GENERAL | |
| Nota general | Educación básica |
| 650 #4 - ENCABEZAMIENTO DE MATERIA--TEMÁTICO | |
| Término temático o nombre geográfico como elemento de entrada | MATEMÁTICAS |
| Subdivisión temática general | ENSEÑANZA BÁSICA |
| 650 #4 - ENCABEZAMIENTO DE MATERIA--TEMÁTICO | |
| Término temático o nombre geográfico como elemento de entrada | MATEMÁTICAS |
| Subdivisión temática general | ENSEÑANZA ELEMENTAL |
| 650 #4 - ENCABEZAMIENTO DE MATERIA--TEMÁTICO | |
| Término temático o nombre geográfico como elemento de entrada | MATEMÁTICAS |
| Subdivisión temática general | LIBROS DE TEXTOS |
| 650 #4 - ENCABEZAMIENTO DE MATERIA--TEMÁTICO | |
| Término temático o nombre geográfico como elemento de entrada | MATEMÁTICAS |
| Subdivisión temática general | ESTUDIO Y EJERCÍCIOS |
| 650 #4 - ENCABEZAMIENTO DE MATERIA--TEMÁTICO | |
| Término temático o nombre geográfico como elemento de entrada | EDUCACIÓN PRIMARIA |
| Subdivisión geográfica | REPÚBLICA DOMINICANA |
| 700 1# - ASIENTO SECUNDARIO -- NOMBRE PERSONAL | |
| Nombre personal | García Escobar, Obdulia de, |
| Mención de responsabilidad | dir. ed. |
| 830 #0 - ASIENTO SECUNDARIO DE SERIE--TÍTULO UNIFORME | |
| Título uniforme | Ámbar |
| Número de la parte o sección de una obra | no. 7 |
| 942 ## - ADDED ENTRY ELEMENTS (KOHA) | |
| Source of classification or shelving scheme | Dewey Decimal Classification |
| Koha item type | Libros |
| 956 ## - LOCAL ELECTRONIC LOCATION AND ACCESS (OCLC) | |
| Nombre de host | BTAVAREZ |
| Número de acceso | 10 |
| Información de compresión | 20100802 |
| Inicio de sesión | BND02 |
| Procesador de solicitud | 1216 |
| 956 ## - LOCAL ELECTRONIC LOCATION AND ACCESS (OCLC) | |
| Nombre de host | ARIVERA |
| Número de acceso | 10 |
| Información de compresión | 20100802 |
| Inicio de sesión | BND02 |
| Procesador de solicitud | 1349 |
No hay ítems disponibles.